[Event "Baku Chess Olympiad | Open"]
[Site "chess24.com"]
[Date "2016.09.12"]
[Round "10"]
[White "Simelane Wandile"]
[Black "Marko, Helmut"]
[Result "*"]
[Board "3"]
[WhiteID "20700210"]
[WhiteElo "1615"]
[WhiteCountry "SWZ"]
[WhiteFideId "20700210"]
[BlackID "9100032"]
[BlackElo "1939"]
[BlackTitle "CM"]
[BlackCountry "PNG"]
[BlackFideId "9100032"]

1. e4 {[%clk 1:30:27]} c5 {[%clk 1:30:33]} 2. Nf3 {[%clk 1:30:47]} Nc6 {[%clk
1:30:49]} 3. d4 {[%clk 1:31:03]} cxd4 {[%clk 1:30:40]} 4. Nxd4 {[%clk 1:31:26]}
g6 {[%clk 1:30:55]} 5. Nc3 {[%clk 1:31:00]} Bg7 {[%clk 1:31:04]} 6. Be3 {[%clk
1:30:44]} d6 {[%clk 1:30:25]} 7. Nxc6 {[%clk 1:30:52]} bxc6 {[%clk 1:30:08]} 8.
Qd2 {[%clk 1:30:43]} Nf6 {[%clk 1:27:38]} 9. Bc4 {[%clk 1:30:58]} O-O {[%clk
1:27:33]} 10. Bh6 {[%clk 1:29:16]} Qb6 {[%clk 1:25:26]} 11. Bb3 {[%clk 1:25:53]}
Bxh6 {[%clk 1:24:48]} 12. Qxh6 {[%clk 1:25:33]} Qxf2+ {[%clk 1:24:28]} 13. Kxf2
{[%clk 1:25:44]} Ng4+ {[%clk 1:24:52]} 14. Kg3 {[%clk 1:22:57]} Nxh6 {[%clk
1:25:13]} 15. Rhe1 {[%clk 1:20:54]} Be6 {[%clk 1:20:47]} 16. Bxe6 {[%clk
1:15:21]} fxe6 {[%clk 1:21:15]} 17. Rf1 {[%clk 1:06:22]} Nf7 {[%clk 1:20:37]} 18.
Rae1 {[%clk 1:06:00]} Ne5 {[%clk 1:19:47]} 19. Rxf8+ {[%clk 1:03:35]} Rxf8 {[%clk
1:19:42]} 20. Ne2 {[%clk 1:00:44]} c5 {[%clk 1:12:42]} 21. Nf4 {[%clk 0:55:00]}
Rf6 {[%clk 1:11:48]} 22. Re3 {[%clk 0:49:58]} g5 {[%clk 1:09:03]} 23. Ne2 {[%clk
0:48:34]} h5 {[%clk 1:08:25]} 24. h3 {[%clk 0:43:15]} h4+ {[%clk 1:06:49]} 25.
Kh2 {[%clk 0:43:14]} Nc4 {[%clk 1:05:51]} 26. Rb3 {[%clk 0:32:00]} Rf2 {[%clk
1:05:15]} 27. Ng1 {[%clk 0:26:43]} Rxc2 {[%clk 1:01:17]} 28. Nf3 {[%clk 0:26:07]}
Rxb2 {[%clk 0:57:04]} 29. Rxb2 {[%clk 0:23:48]} Nxb2 {[%clk 0:57:20]} 30. Nxg5
{[%clk 0:23:52]} c4 {[%clk 0:57:13]} 31. Nxe6 {[%clk 0:22:46]} Kf7 {[%clk
0:57:02]} 32. Nd4 {[%clk 0:22:39]} c3 {[%clk 0:56:01]} 33. g3 {[%clk 0:22:59]} e5
{[%clk 0:55:33]} 34. Nc2 {[%clk 0:23:16]} Nd3 {[%clk 0:54:25]} 35. Kg2 {[%clk
0:21:43]} a5 {[%clk 0:54:31]} 36. a3 {[%clk 0:21:50]} Nc5 {[%clk 0:54:39]} 37.
gxh4 {[%clk 0:21:30]} Nxe4 {[%clk 0:54:38]} 38. Kf3 {[%clk 0:20:10]} d5 {[%clk
0:54:07]} 39. Ke3 {[%clk 0:19:04]} Nc5 {[%clk 0:53:56]} 40. Ne1 {[%clk 0:48:43]}
d4+ {[%clk 1:23:48]} 41. Ke2 {[%clk 0:48:47]} e4 {[%clk 1:23:41]} 42. Ng2 {[%clk
0:48:43]} Kg6 {[%clk 1:20:57]} 43. Nf4+ {[%clk 0:48:53]} Kf5 {[%clk 1:19:57]} 44.
Nd5 {[%clk 0:48:32]} Ne6 {[%clk 1:16:50]} 45. h5 {[%clk 0:41:03]} d3+ {[%clk
1:16:13]} 46. Kd1 {[%clk 0:41:09]} c2+ {[%clk 1:16:15]} 47. Kd2 {[%clk 0:41:31]}
Nc5 {[%clk 1:15:39]} 48. Ne3+ {[%clk 0:40:53]} Kg5 {[%clk 1:15:18]} 49. Nxc2
{[%clk 0:41:00]} dxc2 {[%clk 1:15:26]} 50. Kxc2 {[%clk 0:41:12]} Kxh5 {[%clk
1:15:41]} 51. Kd2 {[%clk 0:41:14]} Kh4 {[%clk 1:15:59]} 52. Ke3 {[%clk 0:40:34]}
Kxh3 {[%clk 1:16:23]} 53. Kd4 {[%clk 0:40:48]} Kg3 {[%clk 1:16:30]} 54. Ke3
{[%clk 0:40:50]} a4 {[%clk 1:16:22]} 55. Kd4 {[%clk 0:40:31]} *

[Event "Baku Chess Olympiad | Open"]
[Site "chess24.com"]
[Date "2016.09.12"]
[Round "10"]
[White "Amewounou, Komlan Kouessan"]
[Black "Bah, Ebrima"]
[Result "*"]
[Board "1"]
[WhiteID "21200017"]
[WhiteElo "1798"]
[WhiteCountry "TOG"]
[WhiteFideId "21200017"]
[BlackID "21100039"]
[BlackElo "2054"]
[BlackTitle "CM"]
[BlackCountry "GAM"]
[BlackFideId "21100039"]

1. d4 {[%clk 1:30:57]} Nf6 {[%clk 1:30:43]} 2. Nf3 {[%clk 1:31:05]} g6 {[%clk
1:29:58]} 3. g3 {[%clk 1:30:41]} Bg7 {[%clk 1:30:14]} 4. Bg2 {[%clk 1:31:02]} d5
{[%clk 1:30:12]} 5. O-O {[%clk 1:30:05]} Nc6 {[%clk 1:29:26]} 6. c3 {[%clk
1:29:46]} Bg4 {[%clk 1:29:08]} 7. Re1 {[%clk 1:29:35]} Qd7 {[%clk 1:28:53]} 8.
Qb3 {[%clk 1:28:42]} O-O-O {[%clk 1:22:14]} 9. Ne5 {[%clk 1:25:44]} Nxe5 {[%clk
1:22:12]} 10. dxe5 {[%clk 1:26:04]} Ng8 {[%clk 1:18:06]} 11. e4 {[%clk 1:24:33]}
Be6 {[%clk 1:11:12]} 12. Qc2 {[%clk 1:17:51]} h5 {[%clk 1:07:12]} 13. Bg5 {[%clk
1:14:30]} f6 {[%clk 1:06:50]} 14. exf6 {[%clk 1:12:20]} Bxf6 {[%clk 1:05:05]} 15.
Bxf6 {[%clk 1:11:51]} Nxf6 {[%clk 1:04:28]} 16. exd5 {[%clk 1:03:59]} Bxd5 {[%clk
1:01:44]} 17. Bxd5 {[%clk 1:03:23]} Qxd5 {[%clk 1:00:42]} 18. Na3 {[%clk
0:55:11]} h4 {[%clk 0:54:03]} 19. Rad1 {[%clk 0:51:25]} Qf3 {[%clk 0:54:10]} 20.
Qe2 {[%clk 0:50:43]} Rxd1 {[%clk 0:52:22]} 21. Qxd1 {[%clk 0:49:21]} Qc6 {[%clk
0:52:32]} 22. Qe2 {[%clk 0:42:45]} hxg3 {[%clk 0:50:23]} 23. fxg3 {[%clk
0:42:53]} Qc5+ {[%clk 0:48:04]} 24. Kh1 {[%clk 0:36:50]} Qd5+ {[%clk 0:42:17]}
25. Kg1 {[%clk 0:36:17]} Qc5+ {[%clk 0:41:49]} 26. Qe3 {[%clk 0:34:02]} Qxe3+
{[%clk 0:40:02]} 27. Rxe3 {[%clk 0:34:31]} Rxh2 {[%clk 0:40:09]} 28. Rxe7 {[%clk
0:33:38]} Rxb2 {[%clk 0:40:04]} 29. Rg7 {[%clk 0:33:35]} Rxa2 {[%clk 0:35:56]}
30. Nb5 {[%clk 0:33:43]} Ne8 {[%clk 0:34:07]} 31. Rxg6 {[%clk 0:32:41]} Kd7
{[%clk 0:32:34]} 32. Rg4 {[%clk 0:31:50]} a6 {[%clk 0:31:12]} 33. Rd4+ {[%clk
0:28:30]} Kc6 {[%clk 0:29:26]} 34. Na7+ {[%clk 0:28:31]} Kc5 {[%clk 0:28:57]} 35.
Nc8 {[%clk 0:24:03]} Rc2 {[%clk 0:28:09]} 36. Re4 {[%clk 0:23:43]} Nd6 {[%clk
0:27:59]} 37. Nxd6 {[%clk 0:21:59]} cxd6 {[%clk 0:28:05]} 38. Re7 {[%clk
0:20:08]} Rxc3 {[%clk 0:27:25]} 39. Rxb7 {[%clk 0:20:25]} Rxg3+ {[%clk 0:27:23]}
40. Kf2 {[%clk 0:50:45]} Rg4 {[%clk 0:55:20]} 41. Ke3 {[%clk 0:50:02]} d5 {[%clk
0:54:35]} 42. Ra7 {[%clk 0:48:10]} Rg3+ {[%clk 0:53:37]} 43. Kd2 {[%clk 0:45:16]}
Ra3 {[%clk 0:53:38]} 44. Rh7 {[%clk 0:45:08]} a5 {[%clk 0:52:45]} 45. Kc2 {[%clk
0:42:21]} a4 {[%clk 0:52:26]} 46. Kb2 {[%clk 0:41:57]} Rb3+ {[%clk 0:52:03]} 47.
Ka2 {[%clk 0:40:09]} d4 {[%clk 0:51:52]} 48. Ra7 {[%clk 0:40:16]} Kb4 {[%clk
0:50:54]} 49. Rc7 {[%clk 0:33:14]} d3 {[%clk 0:50:28]} 50. Rc8 {[%clk 0:30:29]}
d2 {[%clk 0:50:42]} 51. Rd8 {[%clk 0:27:35]} Kc3 {[%clk 0:50:48]} 52. Rc8+ {[%clk
0:27:40]} Kd3 {[%clk 0:51:01]} 53. Rd8+ {[%clk 0:27:56]} *

[Event "Baku Chess Olympiad | Open"]
[Site "chess24.com"]
[Date "2016.09.12"]
[Round "10"]
[White "Suringa Jr, Paquito"]
[Black "Gontcharov, Serguei"]
[Result "0-1"]
[Board "1"]
[WhiteID "16600134"]
[WhiteElo "1712"]
[WhiteCountry "PLW"]
[WhiteFideId "16600134"]
[WhiteEloChange "-8"]
[BlackID "8800871"]
[BlackElo "1793"]
[BlackCountry "BER"]
[BlackFideId "8800871"]
[BlackEloChange "8"]

1. d4 {[%clk 1:30:55]} Nf6 {[%clk 1:30:52]} 2. c4 {[%clk 1:30:54]} e5 {[%clk
1:31:04]} 3. Bg5 {[%clk 1:29:58]} exd4 {[%clk 1:30:59]} 4. Qxd4 {[%clk 1:28:35]}
Be7 {[%clk 1:28:22]} 5. Nf3 {[%clk 1:28:14]} Nc6 {[%clk 1:26:44]} 6. Qd1 {[%clk
1:28:12]} d6 {[%clk 1:24:54]} 7. e3 {[%clk 1:27:58]} Bg4 {[%clk 1:23:19]} 8. Be2
{[%clk 1:27:58]} O-O {[%clk 1:20:16]} 9. h3 {[%clk 1:27:38]} Bf5 {[%clk 1:16:45]}
10. a3 {[%clk 1:27:18]} h6 {[%clk 1:16:48]} 11. Bh4 {[%clk 1:27:12]} a5 {[%clk
1:14:56]} 12. Nc3 {[%clk 1:26:39]} Re8 {[%clk 1:06:19]} 13. O-O {[%clk 1:26:16]}
Qd7 {[%clk 1:01:12]} 14. Nh2 {[%clk 1:21:37]} Ne4 {[%clk 0:54:38]} 15. Nxe4
{[%clk 1:12:25]} Bxh4 {[%clk 0:54:19]} 16. Nc3 {[%clk 1:10:42]} Ne5 {[%clk
0:47:13]} 17. Nd5 {[%clk 1:05:17]} Rad8 {[%clk 0:36:43]} 18. Qd4 {[%clk 1:03:57]}
Ng6 {[%clk 0:28:09]} 19. Bd3 {[%clk 0:59:51]} Bxd3 {[%clk 0:27:31]} 20. Qxd3
{[%clk 1:00:01]} c6 {[%clk 0:26:51]} 21. Nc3 {[%clk 0:58:33]} Ne5 {[%clk
0:26:19]} 22. Qe2 {[%clk 0:58:14]} Qe6 {[%clk 0:25:51]} 23. b3 {[%clk 0:57:31]}
Bf6 {[%clk 0:24:52]} 24. Rad1 {[%clk 0:56:53]} Nxc4 {[%clk 0:24:19]} 25. bxc4
{[%clk 0:52:50]} Bxc3 {[%clk 0:24:35]} 26. Qd3 {[%clk 0:53:06]} Bf6 {[%clk
0:24:17]} 27. Rb1 {[%clk 0:52:00]} Rd7 {[%clk 0:20:30]} 28. Ng4 {[%clk 0:49:53]}
Be7 {[%clk 0:16:46]} 29. a4 {[%clk 0:47:32]} h5 {[%clk 0:12:08]} 30. Nh2 {[%clk
0:46:03]} d5 {[%clk 0:12:22]} 31. Rfd1 {[%clk 0:45:25]} Red8 {[%clk 0:12:40]} 32.
cxd5 {[%clk 0:44:30]} Rxd5 {[%clk 0:12:55]} 33. Qc2 {[%clk 0:44:42]} Rxd1+ {[%clk
0:12:12]} 34. Rxd1 {[%clk 0:44:59]} Rxd1+ {[%clk 0:12:32]} 35. Qxd1 {[%clk
0:44:35]} b5 {[%clk 0:10:01]} 36. axb5 {[%clk 0:42:01]} cxb5 {[%clk 0:10:20]} 37.
Qxh5 {[%clk 0:42:22]} Qc4 {[%clk 0:10:23]} 38. Qe5 {[%clk 0:41:29]} Bf6 {[%clk
0:08:51]} 39. Qe8+ {[%clk 0:39:06]} Kh7 {[%clk 0:09:15]} 40. g4 {[%clk 0:39:06]}
a4 {[%clk 0:38:15]} 41. Qd7 {[%clk 1:07:15]} a3 {[%clk 0:37:41]} 42. Qf5+ {[%clk
1:07:11]} Kg8 {[%clk 0:37:29]} 43. g5 {[%clk 1:06:09]} a2 {[%clk 0:30:01]} 44.
gxf6 {[%clk 0:58:40]} a1Q+ {[%clk 0:30:18]} 45. Kg2 {[%clk 0:58:33]} Qxf6 {[%clk
0:30:31]} 0-1

[Event "Baku Chess Olympiad | Open"]
[Site "chess24.com"]
[Date "2016.09.12"]
[Round "10"]
[White "Lill, Sami"]
[Black "Alcid, Allan"]
[Result "1-0"]
[Board "2"]
[WhiteID "8800170"]
[WhiteElo "1870"]
[WhiteTitle "CM"]
[WhiteCountry "BER"]
[WhiteFideId "8800170"]
[WhiteEloChange "7"]
[BlackID "16601319"]
[BlackElo "1750"]
[BlackCountry "PLW"]
[BlackFideId "16601319"]
[BlackEloChange "-7"]

1. d4 {[%clk 1:30:52]} d5 {[%clk 1:30:37]} 2. Nf3 {[%clk 1:31:10]} Nf6 {[%clk
1:30:41]} 3. c4 {[%clk 1:31:26]} e6 {[%clk 1:30:30]} 4. Nc3 {[%clk 1:31:35]} a6
{[%clk 1:29:33]} 5. Bg5 {[%clk 1:31:36]} Be7 {[%clk 1:27:58]} 6. e3 {[%clk
1:31:31]} Nc6 {[%clk 1:27:55]} 7. Be2 {[%clk 1:30:49]} h6 {[%clk 1:27:29]} 8. Bh4
{[%clk 1:29:03]} Na5 {[%clk 1:25:30]} 9. Nd2 {[%clk 1:16:37]} Nxc4 {[%clk
1:23:56]} 10. Nxc4 {[%clk 1:15:46]} dxc4 {[%clk 1:24:13]} 11. Bxc4 {[%clk
1:15:13]} b5 {[%clk 1:22:56]} 12. Be2 {[%clk 1:07:30]} Bb7 {[%clk 1:21:08]} 13.
Bf3 {[%clk 1:06:59]} Bxf3 {[%clk 1:19:17]} 14. Qxf3 {[%clk 1:07:04]} O-O {[%clk
1:18:13]} 15. O-O {[%clk 1:04:52]} Nh7 {[%clk 1:14:49]} 16. Bxe7 {[%clk 1:01:37]}
Qxe7 {[%clk 1:15:10]} 17. Rac1 {[%clk 0:53:18]} Ng5 {[%clk 1:11:29]} 18. Qf4
{[%clk 0:50:59]} Rac8 {[%clk 1:06:51]} 19. h4 {[%clk 0:50:47]} Nh7 {[%clk
1:05:49]} 20. Ne4 {[%clk 0:49:41]} f5 {[%clk 1:02:10]} 21. Nc5 {[%clk 0:48:43]}
a5 {[%clk 0:58:16]} 22. Qe5 {[%clk 0:44:06]} Rfe8 {[%clk 0:56:43]} 23. g3 {[%clk
0:44:06]} c6 {[%clk 0:53:43]} 24. Rc2 {[%clk 0:33:30]} Nf8 {[%clk 0:49:24]} 25.
Nd3 {[%clk 0:28:38]} g5 {[%clk 0:49:17]} 26. Qc5 {[%clk 0:24:26]} Ng6 {[%clk
0:39:23]} 27. h5 {[%clk 0:21:27]} Nf8 {[%clk 0:35:57]} 28. Rfc1 {[%clk 0:19:02]}
Qf7 {[%clk 0:31:26]} 29. Ne5 {[%clk 0:15:05]} Qxh5 {[%clk 0:27:27]} 30. Qa7
{[%clk 0:14:00]} Ra8 {[%clk 0:19:08]} 31. Qb7 {[%clk 0:12:30]} Reb8 {[%clk
0:18:41]} 32. Qe7 {[%clk 0:12:02]} Qe8 {[%clk 0:17:59]} 33. Qf6 {[%clk 0:10:57]}
Rb7 {[%clk 0:02:12]} 34. Rxc6 {[%clk 0:09:36]} Nd7 {[%clk 0:00:51]} 35. Nxd7
{[%clk 0:08:21]} Rxd7 {[%clk 0:01:01]} 36. Rxe6 {[%clk 0:07:05]} Qf8 {[%clk
0:00:44]} 37. Qg6+ {[%clk 0:06:23]} Qg7 {[%clk 0:01:06]} 38. Rcc6 {[%clk
0:02:11]} Qxg6 {[%clk 0:00:42]} 39. Rxg6+ {[%clk 0:02:36]} Rg7 {[%clk 0:00:47]}
40. Rxh6 {[%clk 0:32:19]} Raa7 {[%clk 0:30:49]} 41. Rc5 {[%clk 0:32:05]} Rac7
{[%clk 0:30:05]} 42. Rhc6 {[%clk 0:30:07]} Rxc6 {[%clk 0:28:27]} 43. Rxc6 {[%clk
0:30:32]} Kf7 {[%clk 0:28:43]} 44. Rc5 {[%clk 0:30:18]} Ke6 {[%clk 0:28:52]} 45.
Rxb5 {[%clk 0:30:13]} g4 {[%clk 0:28:36]} 46. Rxa5 {[%clk 0:30:17]} Rc7 {[%clk
0:28:37]} 47. Rc5 {[%clk 0:30:19]} Rb7 {[%clk 0:28:54]} 48. b3 {[%clk 0:30:43]}
Ra7 {[%clk 0:29:04]} 49. a4 {[%clk 0:31:00]} Rb7 {[%clk 0:29:29]} 50. Rb5 {[%clk
0:29:40]} Rc7 {[%clk 0:29:49]} 51. Rc5 {[%clk 0:29:33]} Rb7 {[%clk 0:30:12]} 52.
Rc3 {[%clk 0:29:48]} Kd5 {[%clk 0:30:34]} 53. Kf1 {[%clk 0:29:54]} Ke4 {[%clk
0:29:44]} 54. a5 {[%clk 0:28:01]} Kf3 {[%clk 0:29:57]} 55. a6 {[%clk 0:27:29]}
Rb5 {[%clk 0:29:46]} 56. Rc5 {[%clk 0:24:49]} Rxb3 {[%clk 0:30:00]} 57. Rxf5+
{[%clk 0:25:13]} Ke4 {[%clk 0:30:11]} 58. Rf4+ {[%clk 0:25:31]} 1-0

[Event "Baku Chess Olympiad | Open"]
[Site "chess24.com"]
[Date "2016.09.12"]
[Round "10"]
[White "Hernandez, Roberto"]
[Black "Dacres, Don"]
[Result "*"]
[Board "3"]
[WhiteID "16600010"]
[WhiteElo "1798"]
[WhiteCountry "PLW"]
[WhiteFideId "16600010"]
[BlackID "8800820"]
[BlackElo "1713"]
[BlackCountry "BER"]
[BlackFideId "8800820"]

1. f4 {[%clk 1:30:56]} c5 {[%clk 1:30:31]} 2. e4 {[%clk 1:31:14]} g6 {[%clk
1:30:07]} 3. Nf3 {[%clk 1:31:33]} Bg7 {[%clk 1:30:17]} 4. e5 {[%clk 1:30:59]} Nc6
{[%clk 1:30:13]} 5. Bc4 {[%clk 1:30:40]} e6 {[%clk 1:30:07]} 6. c3 {[%clk
1:30:03]} d5 {[%clk 1:30:23]} 7. exd6 {[%clk 1:29:29]} Qxd6 {[%clk 1:30:31]} 8.
d3 {[%clk 1:29:24]} Nge7 {[%clk 1:30:42]} 9. O-O {[%clk 1:29:32]} a6 {[%clk
1:30:03]} 10. Qe2 {[%clk 1:28:45]} b5 {[%clk 1:29:41]} 11. Bb3 {[%clk 1:29:00]}
Bb7 {[%clk 1:29:45]} 12. Nbd2 {[%clk 1:28:25]} Nb8 {[%clk 1:16:13]} 13. Ng5
{[%clk 1:27:22]} Nd5 {[%clk 1:08:11]} 14. Nde4 {[%clk 1:23:00]} Qe7 {[%clk
1:06:40]} 15. c4 {[%clk 1:15:24]} Bd4+ {[%clk 1:02:52]} 16. Kh1 {[%clk 1:15:36]}
Nf6 {[%clk 1:02:56]} 17. Be3 {[%clk 1:10:48]} Nc6 {[%clk 1:01:10]} 18. cxb5
{[%clk 1:01:18]} axb5 {[%clk 1:01:23]} 19. Rac1 {[%clk 0:58:55]} Nxe4 {[%clk
0:52:21]} 20. Nxe4 {[%clk 0:58:35]} Bxe3 {[%clk 0:52:25]} 21. Qxe3 {[%clk
0:58:19]} Nd4 {[%clk 0:52:48]} 22. Nxc5 {[%clk 0:57:03]} Nxb3 {[%clk 0:52:45]}
23. axb3 {[%clk 0:54:37]} Bd5 {[%clk 0:53:02]} 24. Qe5 {[%clk 0:53:41]} O-O
{[%clk 0:52:44]} 25. Rfe1 {[%clk 0:53:17]} Qd8 {[%clk 0:49:53]} 26. Ne4 {[%clk
0:50:30]} f6 {[%clk 0:48:03]} 27. Qc7 {[%clk 0:49:37]} Bxe4 {[%clk 0:45:04]} 28.
dxe4 {[%clk 0:47:25]} Rf7 {[%clk 0:43:53]} 29. Qc5 {[%clk 0:46:33]} Rb8 {[%clk
0:41:31]} 30. Red1 {[%clk 0:45:43]} Rd7 {[%clk 0:41:18]} 31. Rxd7 {[%clk
0:43:51]} Qxd7 {[%clk 0:41:20]} 32. Qc7 {[%clk 0:43:25]} Rd8 {[%clk 0:39:14]} 33.
h3 {[%clk 0:43:23]} Qxc7 {[%clk 0:37:53]} 34. Rxc7 {[%clk 0:43:42]} Rd1+ {[%clk
0:38:09]} 35. Kh2 {[%clk 0:44:05]} Rd4 {[%clk 0:37:49]} 36. Kg3 {[%clk 0:40:23]}
Rxe4 {[%clk 0:37:58]} 37. Kf3 {[%clk 0:40:51]} Rb4 {[%clk 0:38:07]} 38. Rc3
{[%clk 0:41:16]} h6 {[%clk 0:37:15]} 39. g3 {[%clk 0:41:39]} g5 {[%clk 0:37:10]}
40. Kg4 {[%clk 1:10:05]} f5+ {[%clk 1:00:23]} 41. Kh5 {[%clk 1:10:16]} gxf4
{[%clk 1:00:02]} 42. Kg6 {[%clk 1:08:40]} Kf8 {[%clk 0:59:51]} 43. Kf6 {[%clk
1:09:07]} Ke8 {[%clk 1:00:11]} 44. Kxe6 {[%clk 1:09:22]} Kd8 {[%clk 0:59:27]} 45.
Kxf5 {[%clk 1:09:24]} fxg3 {[%clk 0:52:19]} 46. Rxg3 {[%clk 1:09:52]} Rd4 {[%clk
0:52:43]} 47. Kg6 {[%clk 1:09:15]} Rd6+ {[%clk 0:52:43]} 48. Kh5 {[%clk 1:09:31]}
Ke7 {[%clk 0:52:07]} 49. Rg6 {[%clk 1:09:50]} Rd3 {[%clk 0:52:17]} 50. h4 {[%clk
1:05:56]} Rxb3 {[%clk 0:52:38]} 51. Rg2 {[%clk 1:06:21]} Rh3 {[%clk 0:51:58]} 52.
Rc2 {[%clk 1:05:32]} Kf6 {[%clk 0:50:35]} 53. Rc6+ {[%clk 1:05:12]} Kg7 {[%clk
0:50:57]} 54. Rb6 {[%clk 1:05:35]} Rb3 {[%clk 0:50:54]} 55. Rg6+ {[%clk 1:05:45]}
Kf7 {[%clk 0:50:56]} 56. Rg2 {[%clk 1:06:11]} Rh3 {[%clk 0:50:42]} 57. Kg4 {[%clk
1:06:30]} Rb3 {[%clk 0:49:53]} 58. Rf2+ {[%clk 1:05:57]} Kg7 {[%clk 0:49:49]} 59.
h5 {[%clk 1:06:08]} Rb4+ {[%clk 0:49:24]} 60. Kf5 {[%clk 1:05:34]} Rh4 {[%clk
0:49:19]} 61. Rg2+ {[%clk 1:03:17]} Kf7 {[%clk 0:49:21]} 62. Rf2 {[%clk 1:03:20]}
Kg7 {[%clk 0:49:25]} 63. Ke6 {[%clk 0:57:56]} Rxh5 {[%clk 0:49:27]} 64. Rf7+
{[%clk 0:56:47]} Kg6 {[%clk 0:49:19]} 65. Rb7 {[%clk 0:57:02]} Rg5 {[%clk
0:48:55]} 66. Rb6 {[%clk 0:56:08]} h5 {[%clk 0:48:46]} 67. Kd7+ {[%clk 0:56:30]}
Kg7 {[%clk 0:48:39]} 68. Kc6 {[%clk 0:56:52]} Rg6+ {[%clk 0:48:54]} 69. Kxb5
{[%clk 0:57:19]} Rxb6+ {[%clk 0:48:57]} 70. Kxb6 {[%clk 0:57:48]} h4 {[%clk
0:48:59]} 71. b4 {[%clk 0:57:49]} h3 {[%clk 0:48:59]} 72. b5 {[%clk 0:57:49]} h2
{[%clk 0:49:05]} 73. Kc7 {[%clk 0:58:08]} h1Q {[%clk 0:49:05]} 74. b6 {[%clk
0:58:08]} Qc1+ {[%clk 0:46:34]} 75. Kb8 {[%clk 0:56:50]} Kf7 {[%clk 0:46:27]} 76.
b7 {[%clk 0:56:56]} Ke7 {[%clk 0:46:28]} 77. Ka7 {[%clk 0:56:36]} *

[Event "Baku Chess Olympiad | Open"]
[Site "chess24.com"]
[Date "2016.09.12"]
[Round "10"]
[White "Woodley, Adrian"]
[Black "Gonzales, Dennis"]
[Result "1-0"]
[Board "4"]
[WhiteID "8800898"]
[WhiteElo "1322"]
[WhiteCountry "BER"]
[WhiteFideId "8800898"]
[WhiteEloChange "17"]
[BlackID "16600150"]
[BlackElo "1651"]
[BlackCountry "PLW"]
[BlackFideId "16600150"]
[BlackEloChange "-17"]

1. e4 {[%clk 1:30:58]} c5 {[%clk 1:30:53]} 2. Nf3 {[%clk 1:31:22]} Nc6 {[%clk
1:30:47]} 3. d4 {[%clk 1:31:49]} cxd4 {[%clk 1:30:16]} 4. Nxd4 {[%clk 1:32:15]}
e5 {[%clk 1:30:01]} 5. Nb5 {[%clk 1:32:35]} Nf6 {[%clk 1:29:04]} 6. Bg5 {[%clk
1:32:44]} Be7 {[%clk 1:27:23]} 7. N1c3 {[%clk 1:31:02]} O-O {[%clk 1:25:10]} 8.
Be2 {[%clk 1:28:16]} h6 {[%clk 1:23:54]} 9. Bxf6 {[%clk 1:28:32]} Bxf6 {[%clk
1:24:02]} 10. Nd5 {[%clk 1:28:07]} a6 {[%clk 1:23:00]} 11. Nd6 {[%clk 1:24:06]}
Be7 {[%clk 1:21:45]} 12. Nf5 {[%clk 1:24:30]} d6 {[%clk 1:20:15]} 13. Ndxe7+
{[%clk 1:24:53]} Nxe7 {[%clk 1:19:31]} 14. Ne3 {[%clk 1:22:18]} Be6 {[%clk
1:14:36]} 15. O-O {[%clk 1:20:46]} Ng6 {[%clk 1:09:52]} 16. Re1 {[%clk 1:12:03]}
Qe7 {[%clk 1:08:35]} 17. c4 {[%clk 1:11:21]} Rad8 {[%clk 1:07:01]} 18. b3 {[%clk
1:10:40]} Qg5 {[%clk 1:06:30]} 19. Bf1 {[%clk 1:07:15]} f5 {[%clk 1:06:08]} 20.
exf5 {[%clk 1:06:19]} Bxf5 {[%clk 1:05:51]} 21. Nxf5 {[%clk 1:05:53]} Rxf5 {[%clk
1:05:59]} 22. Qd5+ {[%clk 1:04:56]} Kh8 {[%clk 1:04:25]} 23. Re3 {[%clk 0:56:45]}
Rdf8 {[%clk 0:56:40]} 24. Rg3 {[%clk 0:55:07]} Qf6 {[%clk 0:54:15]} 25. Rxg6
{[%clk 0:48:42]} Qxg6 {[%clk 0:53:05]} 26. Bd3 {[%clk 0:49:06]} Qf6 {[%clk
0:46:11]} 27. Bxf5 {[%clk 0:49:17]} Qxf5 {[%clk 0:46:38]} 28. f3 {[%clk 0:48:55]}
Qd7 {[%clk 0:46:41]} 29. Rd1 {[%clk 0:49:16]} Rf6 {[%clk 0:45:06]} 30. Qxe5
{[%clk 0:49:38]} dxe5 {[%clk 0:42:13]} 31. Rxd7 {[%clk 0:49:59]} b6 {[%clk
0:37:26]} 32. Kf2 {[%clk 0:49:43]} Re6 {[%clk 0:36:56]} 33. Ke3 {[%clk 0:49:51]}
Kh7 {[%clk 0:32:31]} 34. b4 {[%clk 0:49:18]} h5 {[%clk 0:31:40]} 35. Rc7 {[%clk
0:49:23]} Kg6 {[%clk 0:27:19]} 36. c5 {[%clk 0:49:42]} Kf6 {[%clk 0:25:54]} 37.
a4 {[%clk 0:49:55]} g5 {[%clk 0:24:33]} 38. Ke4 {[%clk 0:49:50]} g4 {[%clk
0:19:44]} 39. fxg4 {[%clk 0:50:00]} hxg4 {[%clk 0:19:38]} 40. h3 {[%clk 1:19:36]}
gxh3 {[%clk 0:44:30]} 41. gxh3 {[%clk 1:19:59]} bxc5 {[%clk 0:41:53]} 42. bxc5
{[%clk 1:18:38]} Kg5 {[%clk 0:40:58]} 43. Kd5 {[%clk 1:18:45]} Re8 {[%clk
0:40:47]} 44. c6 {[%clk 1:18:55]} e4 {[%clk 0:40:59]} 45. Rb7 {[%clk 1:18:57]} e3
{[%clk 0:40:39]} 46. Rb1 {[%clk 1:19:21]} e2 {[%clk 0:40:13]} 47. Re1 {[%clk
1:19:10]} Kf4 {[%clk 0:28:15]} 48. c7 {[%clk 1:18:56]} Kf3 {[%clk 0:27:05]} 49.
Kd6 {[%clk 1:18:22]} Kf2 {[%clk 0:27:13]} 50. Rxe2+ {[%clk 1:18:28]} 1-0

[Event "Baku Chess Olympiad | Open"]
[Site "chess24.com"]
[Date "2016.09.12"]
[Round "10"]
[White "Vandenbussche, Thibaut"]
[Black "Meshkov, Yuri A."]
[Result "*"]
[Board "1"]
[WhiteID "204412"]
[WhiteElo "2401"]
[WhiteTitle "IM"]
[WhiteCountry "BEL"]
[WhiteFideId "204412"]
[BlackID "4107101"]
[BlackElo "2354"]
[BlackTitle "IM"]
[BlackCountry "RUS"]
[BlackFideId "4107101"]

1. e4 {[%clk 1:30:57]} c5 {[%clk 1:30:09]} 2. Nf3 {[%clk 1:31:16]} d6 {[%clk
1:29:35]} 3. c3 {[%clk 1:31:40]} Nf6 {[%clk 1:26:58]} 4. h3 {[%clk 1:32:00]} Nc6
{[%clk 1:14:59]} 5. Bd3 {[%clk 1:32:16]} g5 {[%clk 1:09:06]} 6. Be2 {[%clk
1:25:59]} g4 {[%clk 1:09:23]} 7. hxg4 {[%clk 1:22:58]} Bxg4 {[%clk 1:09:23]} 8.
d4 {[%clk 1:15:41]} cxd4 {[%clk 1:03:32]} 9. cxd4 {[%clk 1:06:06]} d5 {[%clk
1:03:47]} 10. e5 {[%clk 1:04:44]} Ne4 {[%clk 0:59:24]} 11. Be3 {[%clk 0:58:57]}
e6 {[%clk 0:55:58]} 12. Nbd2 {[%clk 0:53:31]} Bb4 {[%clk 0:48:27]} 13. Kf1 {[%clk
0:49:57]} Bxd2 {[%clk 0:48:27]} 14. Nxd2 {[%clk 0:49:51]} Bxe2+ {[%clk 0:47:37]}
15. Qxe2 {[%clk 0:50:14]} Nxd2+ {[%clk 0:47:18]} 16. Qxd2 {[%clk 0:50:37]} h5
{[%clk 0:47:18]} 17. Bg5 {[%clk 0:39:09]} Qb6 {[%clk 0:47:15]} 18. Rd1 {[%clk
0:34:51]} Qa6+ {[%clk 0:47:15]} 19. Kg1 {[%clk 0:34:12]} Qxa2 {[%clk 0:37:56]}
20. Qf4 {[%clk 0:29:08]} Rh7 {[%clk 0:37:56]} 21. b4 {[%clk 0:16:45]} Qe2 {[%clk
0:16:50]} 22. Kh2 {[%clk 0:15:26]} Qe4 {[%clk 0:16:50]} 23. Qf6 {[%clk 0:14:14]}
Qg6 {[%clk 0:14:08]} 24. Ra1 {[%clk 0:05:25]} Qxf6 {[%clk 0:07:11]} 25. Bxf6
{[%clk 0:05:52]} Nxd4 {[%clk 0:07:11]} 26. b5 {[%clk 0:05:56]} Kd7 {[%clk
0:07:11]} 27. Rhd1 {[%clk 0:04:54]} Nxb5 {[%clk 0:04:28]} 28. Rdb1 {[%clk
0:05:12]} Kc6 {[%clk 0:04:32]} 29. Ra5 {[%clk 0:04:05]} Nc3 {[%clk 0:04:32]} 30.
Rb4 {[%clk 0:03:07]} b6 {[%clk 0:04:32]} 31. Ra3 {[%clk 0:03:22]} Ne4 {[%clk
0:04:19]} 32. Be7 {[%clk 0:03:30]} Kb7 {[%clk 0:04:34]} 33. f3 {[%clk 0:03:43]}
Nd2 {[%clk 0:04:34]} 34. Rh4 {[%clk 0:01:54]} Nc4 {[%clk 0:04:25]} 35. Ra1 {[%clk
0:02:00]} Nxe5 {[%clk 0:04:43]} 36. Bf6 {[%clk 0:02:18]} Nd7 {[%clk 0:04:39]} 37.
Bb2 {[%clk 0:02:18]} f6 {[%clk 0:04:47]} 38. Re1 {[%clk 0:01:54]} e5 {[%clk
0:04:46]} 39. f4 {[%clk 0:02:11]} d4 {[%clk 0:34:50]} 40. g4 {[%clk 0:32:09]}
Rah8 {[%clk 0:35:07]} *